01523nam a22003737a 4500003000500000005001700005008004100022010001000063011001000073035001000083040000900093090001000102100004600112245015700158260004000315300001000355502007000365590003700435590004100472590004100513590004100554590004100595590004200636650002300678650004500701650003900746901000700785942000900792949003600801949004100837999001700878952012600895952012801021CHAP20220329140354.0971013s1976 r 00010 d a51049 a52021 a56171 cCHAP aTesis00aRodríguez Quiros, Jorge Eduardo.998806 aAnálisis de tiempo y costos en el desarrollo del proyecto de instalación de un aserradero en el Ejido "San Diego de Tenzaenz", en le Edo. de Durango aChapingo, Méx. :bEl autor,c1976 a60 h. aTesis (Ing. Agr. Esp. en Bosques) -- ENA. Departamento de Bosques aALEPHb10c20130110lUCH01h1326 aBATCH-UPDb10c20130110lUCH01h0726 aBATCH-UPDb10c20130110lUCH01h2333 aBATCH-UPDb10c20130410lUCH01h0410 aBATCH-UPDb10c20130914lUCH01h2023 aCONVERSIONb10c20130109lUCH01h132814aAserraderos.9789214aEjido San Diego de Tenzaenz, Dgo.93597214aEjidos forestaleszDurango.936053 aBK cFOLL bBCcTESd-122835eTS1i56171si bBCcTESd-122836eTS2fc.2i56171si c51049d51049 00102local4053708TESISaBCbBCcPA_TESISd2012-12-17fTESISl0p-122836r2019-12-31 00:00:00tc.2w2019-12-31yTESIS 00102local4051708TESISaBCbBCcPA_TESISd2012-12-17fTESISl0oTesisp-122835r2019-12-31 00:00:00w2019-12-31yTESIS